Statistics for Biggest Cities in Africa in 1900 with a Map

Click here to take the quiz!

General Stats

  • This quiz has been taken 268 times
  • The average score is 33 of 79

Answers on the Map

Answers color-coded by a green-red scale on the quiz's map according to % correct below.
 

Answer Stats

PopulationCities% Correct
595kCairo
99%
314kAlexandria
95%
35kAddis Ababa
94%
39kLagos
94%
156kTunis
94%
77kCape Town
93%
140kAlgiers
92%
155kJohannesburg
92%
30kTripoli
90%
40kRabat
88%
20kCasablanca
87%
120kMarrakech
87%
21kDar es Salaam
85%
54kTananarive
(Antananarivo)
84%
38kPretoria
83%
108kFez
81%
20kLuanda
81%
40kKano
79%
30kMengo
(Kampala)
78%
67kDurban
77%
34kFreetown
77%
27kMombasa
75%
30kTangier
74%
20kBenghazi
73%
32kPort Elizabeth
(Gqeberha)
73%
87kOran
72%
25kBloemfontein
68%
40kZanzibar City
65%
52kPort Louis
61%
44kPort Said
60%
204kIbadan
59%
44kLas Palmas
53%
25kSfax
52%
52kConstantine
47%
25kEast London
39%
55kOmdurman
32%
28kSaint-Denis
31%
38kSanta Cruz de Tenerife
30%
50kMeknes
28%
45kOyo
28%
30kDamietta
27%
33kTlemcen
24%
42kAsyut
23%
40kHarar
23%
25kTétouan
22%
31kPietermaritzburg
21%
32kBône
(Annaba)
19%
30kBerbera
17%
32kFaiyum
17%
37kMansoura
16%
40kZaria
16%
70kIlorin
15%
22kQena
15%
56kTanta
14%
50kOsogbo
12%
34kKimberley
11%
23kMinya
11%
60kAbeokuta
10%
28kBlida
10%
32kCape Coast
10%
75kOgbomosho
9%
21kPhilippeville
(Skikda)
9%
35kZagazig
9%
39kEl Mahalla El Kubra
8%
20kMascara
8%
50kBauchi
7%
60kIwo
7%
27kTizi Ouzou
7%
33kDamanhur
6%
35kIseyin
6%
25kSidi Bel Abbès
6%
60kBida
5%
25kAkhmim
4%
38kMustapha
(Sidi M'Hamed, Algiers)
4%
21kShibin El Kom
4%
50kDikwa
3%
21kMenouf
3%
50kModakeke
3%
20kWurno
3%

Score Distribution

Percentile by Number Answered

Percent of People with Each Score

Your Score History

You have not taken this quiz